Literárna výchova pre 9. ročník základných škôl

Bibliographic Details
Main Authors: Petríková, Daniela (Author), Trutz, Rudolf (Author)
Other Authors: Vojtášek, Alexej, 1952-2023 (Illustrator)
Format: Book
Language:Slovak
PhysicalDescription:183 s. 24 cm
Published: Bratislava OG - Vydavateľstvo Poľana 2009
ISBN:9788081160004
Edition:5. vyd.
Subjects:

MARC

LEADER 00000cam a2200000 a 4500
001 vtls010175273
003 SK-MaSNL
005 20260302011404.0
008 240314s2009 xo a c p 000 0dslo
015 |a SNBA2010/12-06483 
020 |a 9788081160004  |q (brož.) 
035 |a 281679BB-10B4-488E-8A61-8191E1CBBC6D 
035 |a urn:nbn:sk:snk-amkaz1 
035 |a urn:nbn:sk:snk-am0089bw 
040 |a SNK  |b slo  |c SNK  |e AACR2 
041 0 |a slo 
044 |a xo  |c SK 
072 7 |a 37.016  |x Učebné osnovy. Vyučovacie predmety. Učebnice  |2 konspekt 
072 7 |a 82  |x Literatúra. Literárny život  |2 konspekt 
080 |a (075.2)  |2 2001 
080 |a 37.016:82  |2 2001 
100 1 |a Petríková, Daniela  |4 aut  |9 21731 
245 1 0 |a Literárna výchova pre 9. ročník základných škôl  |c Daniela Petríková, Rudolf Trutz ; [ilustrácie Alexej Vojtášek] 
250 |a 5. vyd. 
260 |a Bratislava  |b OG - Vydavateľstvo Poľana  |c 2009 
300 |a 183 s.  |c 24 cm 
650 0 7 |a literárna výchova  |2 SNKPH  |9 1653 
655 7 |a učebnice základných škôl  |2 SNKPH  |9 70187 
700 1 |a Trutz, Rudolf  |4 aut  |9 245385 
700 1 |a Vojtášek, Alexej,  |d 1952-2023  |4 ill  |9 88777 
852 |a Štátna vedecká knižnica v Banskej Bystrici 
919 |a 978-80-8116-000-4 
958 |a OND 
968 |d 37 
999 |c 1005996  |d 1007926 
952 |a SNK  |b SNK  |y VYP  |7 0  |p 17A0675072  |o snkSC 142315 D1  |i snk2010/21997  |8 0  |0 0  |1 0  |4 0  |d 2010-10-11  |f 1  |l 0  |r 2026-02-24 12:35:04  |w 2026-02-24 
952 |a SNK  |b SNK  |y VYP  |7 0  |p 17A0675073  |o snkSC 142315 D2  |i snk2010/21998  |8 0  |0 0  |1 0  |4 0  |d 2010-10-11  |l 0  |r 2026-02-24 12:35:04  |w 2026-02-24 
952 |a SNK  |b SNK  |y PREZ  |7 0  |p 17A0675071  |o snkSC 142315  |i snk2010/21996  |8 0  |0 0  |1 0  |4 0  |d 2010-10-11  |l 0  |r 2025-07-10 00:00:00  |w 2026-02-24